TOP 200
TOP 200. Nefinančné podniky na Slovensku podľa tržieb, pridanej hodnoty, zisku, exportu, zamestnanosti. Rebríčky, analýzy.
Enregistré dans:
| Format: | Chapitre de livre |
|---|---|
| Langue: | slovaque |
| Sujets: | |
| Tags: |
Pas de tags, Soyez le premier à ajouter un tag!
|
MARC
| LEADER | 00000naa$a2200000$$$4500 | ||
|---|---|---|---|
| 001 | 0031154 | ||
| 005 | 20231009081602.5 | ||
| 041 | 0 | |a slo | |
| 044 | |a SK | ||
| 245 | 1 | 0 | |a TOP 200 |
| 520 | |a TOP 200. Nefinančné podniky na Slovensku podľa tržieb, pridanej hodnoty, zisku, exportu, zamestnanosti. Rebríčky, analýzy. | ||
| 610 | 2 | 0 | |a podnik |
| 610 | 2 | 0 | |a tabuľky štatistické |
| 610 | 2 | 0 | |a analýzy |
| 610 | 2 | 0 | |a tržby |
| 610 | 2 | 0 | |a hodnota pridaná |
| 610 | 2 | 0 | |a zisk |
| 610 | 2 | 0 | |a vývoz |
| 610 | 2 | 0 | |a zamestnanosť |
| 610 | 2 | 0 | |a Slovensko |